Countries that End in N - Statistics

General Stats
  • This quiz has been taken 185 times
    151 since last reset
  • The average score is 22 of 25
Answer Stats
Country % Correct
Pakistan
97%
Turkmenistan
97%
Afghanistan
95%
Kazakhstan
95%
Kyrgyzstan
95%
Oman
93%
Yemen
93%
Azerbaijan
92%
Lebanon
92%
Uzbekistan
92%
Iran
91%
Japan
91%
Tajikistan
91%
Sweden
87%
Taiwan
87%
Bahrain
86%
Benin
86%
Jordan
85%
South Sudan
85%
Sudan
85%
Bhutan
84%
Gabon
81%
Liechtenstein
81%
Spain
79%
Cameroon
77%
No matching quizzes found
Score Distribution
Percent of People with Each Score
Percentile by Number Answered
Your Score History
You have not taken this quiz since the last reset